It looks like you're offline.
Open Library logo
additional options menu

MARC Record from Scriblio

Record ID marc_records_scriblio_net/part01.dat:150604686:683
Source Scriblio
Download Link /show-records/marc_records_scriblio_net/part01.dat:150604686:683?format=raw

LEADER: 00683cam 22002051 4500
001 04017931
003 DLC
005 20050730172359.0
008 780802s1904 mau 000 0 ger
010 $a 04017931
035 $a(OCoLC)4102404
040 $aDLC$cOAU$dDLC
042 $apremarc
050 00 $aPT2591.Z2$bS3
100 1 $aZschokke, Heinrich,$d1771-1848.
245 14 $aDer zerbrochene Krug;$cvon Heinrich Zschokke, with introduction, notes and vocabulary, by Herbert Charles Sanborn.
260 $aBoston,$bGinn & company$c[1904]
300 $axvi, 76 p.$bfront. (port.)$c17 cm.
490 0 $aInternational modern language series
700 1 $aSanborn, Herbert Charles,$d1873- ,$eed.